| 000 | 00952nam a22002657a 4500 | ||
|---|---|---|---|
| 005 | 2012080607307.0 | ||
| 008 | 120806t xxu||||| |||| 00| 0 eng d | ||
| 010 | _aENG-105507 | ||
| 020 |
_a9788180697845 _c500.00 |
||
| 020 |
_a8180697843 _c500.00 |
||
| 035 | _aEN-89040 | ||
| 037 | _bDBAD/PUB | ||
| 040 |
_aDPL _bEng |
||
| 082 | _a337 | ||
| 100 |
_aAgrawal, P.K. _950795 |
||
| 245 | 0 | 0 |
_aGlobalization India and the world / _cby P.K. Agrawal [and] R.K. Bhatt |
| 260 |
_aNew Delhi _bConcept Publishing _c2011 |
||
| 270 |
_aA/15-16, Commercial Block, Mohan Garden _bNew Delhi _e110059 |
||
| 300 |
_aviii,198p. : _c22cm(Hb) _bill. |
||
| 500 | _aIncludes bibliographical references and index. | ||
| 700 |
_aBhatt, R.K. _950798 |
||
| 942 |
_2ddc _cEN _h337 _mAGR |
||
| 999 |
_c68892 _d68892 |
||